| 000 | 00468nam a2200169 a 4500 | ||
|---|---|---|---|
| 001 | 2728 | ||
| 003 | CDMR | ||
| 005 | 20131211133618.0 | ||
| 008 | 130130s ||||||||||||||||||||||||||||d | ||
| 040 |
_aCDMR _bcat _cCDMR |
||
| 100 | 1 |
_aCardet, Ricardo _92050 |
|
| 245 | 1 | 0 |
_aManual de periodismo _cRicardo Cardet |
| 260 |
_aPraga _bOrganización Internacional de Periodistas _c[s.d.] |
||
| 300 | _a141 p. | ||
| 650 | 0 | 4 |
_94374 _aPeriodisme _xManuals, guies, etc |
| 942 |
_cMON _2udc |
||
| 999 |
_c2728 _d2728 |
||